Normal view
MARC view
Entry Topical Term
001 - CONTROL NUMBER
- control field: 240293
003 - CONTROL NUMBER IDENTIFIER
- control field: OSt
005 - DATE AND TIME OF LATEST TRANSACTION
- control field: 20250923161434.0
008 - FIXED-LENGTH DATA ELEMENTS
- fixed length control field: 250923|| aca||aabn | a|a d
040 ## - CATALOGING SOURCE
- Original cataloging agency: OSt
- Transcribing agency: OSt
150 ## - HEADING--TOPICAL TERM
- Topical term or geographic name entry element: Human Resource Management
670 ## - SOURCE DATA FOUND
- Source citation: Work cat.: (OSt)147525: Rao P Subba 240289, Human resource management Ed 4, 2008